| 000 | 01258nam a2200265Ia 4500 | ||
|---|---|---|---|
| 001 | 16192 | ||
| 003 | GE_BSU | ||
| 008 | 181216s||||||||xx |||||||||||||| ||und|| | ||
| 020 | _aISBN 978-9941-0-5631-4 | ||
| 040 | _cGE_BSU | ||
| 080 | _a338.46(075.8) + 005.5 | ||
| 100 | _aევგენი ბარათაშვილი, ნოდარ გრძელიშვილი, თეიმურაზ ყანდაშვილი, თამარ როსტიაშვილი | ||
| 245 | _aსერვისმენეჯმენტი | ||
| 245 | _bსახელმძღვ | ||
| 245 | _cრედ. ბადრი ცხადაძე.მხატვ:ნ.ხალვაში | ||
| 260 | _aთბილისი | ||
| 260 | _bგ.გ | ||
| 260 | _c2013 | ||
| 300 | _a380 გვ. ; 20 სმ;ბიბლიოგრ.: გვ. 372-375 | ||
| 520 | _aეძღვნება საქ. ტექნ. უნ-ტის 90 წლისთავს | ||
| 541 | _h42ლ. | ||
| 653 | _aმენეჯმენტი | ||
| 653 | _aსერვისმენეჯმენტი - სახელმძღვანელოები უმაღლესი სასწავლებლებისათვის; | ||
| 942 | _cBK | ||
| 999 |
_c49276 _d49276 |
||